Some issues concerning women in senior management: a case study from Ghana (Record no. 42603)

000 -LEADER
fixed length control field 00972pab a2200169 454500
008 - FIXED-LENGTH DATA ELEMENTS--GENERAL INFORMATION
fixed length control field 180718b1999 xxu||||| |||| 00| 0 eng d
100 ## - MAIN ENTRY--PERSONAL NAME
Personal name Amos-Wilson, P.M.
245 ## - TITLE STATEMENT
Title Some issues concerning women in senior management: a case study from Ghana
260 ## - PUBLICATION, DISTRIBUTION, ETC.
Date of publication, distribution, etc. 1999
300 ## - PHYSICAL DESCRIPTION
Extent p.217-29
362 ## - DATES OF PUBLICATION AND/OR SEQUENTIAL DESIGNATION
Dates of publication and/or sequential designation Aug
520 ## - SUMMARY, ETC.
Summary, etc. This article considers issues concerning women's managerial careers in the Ghanaian Civil Service, which have emerged from an analysis of data collected in Accra as part of a Government of Ghana project supported by the United Kingdom Department for International Development. This examined the position and status of Women in Public Life in Ghana and was known as the WIPL project. Within this project information was collected from women civil servants, and it is this which is presented here. - Reproduced
650 ## - SUBJECT ADDED ENTRY--TOPICAL TERM
Topical term or geographic name entry element Civil service
650 ## - SUBJECT ADDED ENTRY--TOPICAL TERM
Topical term or geographic name entry element Women in the civil service
773 ## - HOST ITEM ENTRY
Main entry heading Public Administration and Development
909 ## -
-- 42603
Holdings
Withdrawn status Lost status Damaged status Not for loan Permanent Location Current Location Date acquired Serial Enumeration / chronology Barcode Date last seen Price effective from Koha item type
        Indian Institute of Public Administration Indian Institute of Public Administration 2018-07-19 Volume no: 19, Issue no: 3 AR42988 2018-07-19 2018-07-19 Articles

Powered by Koha